000 00440nam a2200181Ia 4500
001 1086
005 20260306140606.0
008 260306t2009||||xx |||||||||||||| ||spa||
041 _aESP
082 _a180
_bR31H T. 6
100 _aReale, Giovanni
_eAUT
245 0 _aHistoria de la filosofĂ­a:
_bde Nietzsche a la escuela de Frankfurt
260 _c2009
300 _a
_c
650 _aGEN
654 _aCHU
942 _cLIB
_dJUS
_fJUS
_2ddc
_n
999 _c1086
_d1086